[Event "Hokkaido Chess Championship 2024"]
[Site "?"]
[Date "2024.03.23"]
[Round "3.4"]
[White "Miyatani, Ryohei"]
[Black "Aoki, Yasuhiro"]
[Result "0-1"]
[WhiteElo "1313"]
[BlackElo "1598"]
[Annotator "Fritz 11 SE (30s)"]
[PlyCount "64"]
[EventDate "2024.03.23"]

{[%mdl 8256] B07: Pirc Defence: Miscellaneous Systems} 1. e4 d6 2. d4 Nf6 3.
Bd3 e5 4. c3 d5 5. dxe5 Nxe4 6. Bxe4 dxe4 7. Qxd8+ Kxd8 8. Bf4 (8. Bg5+ Be7 9.
Bxe7+ Kxe7 10. Nd2 Nc6 11. Nxe4 Nxe5 12. O-O-O Bf5 13. Nf3 Nxf3 14. gxf3 Rhd8
15. b3 Rxd1+ 16. Rxd1 b6 17. Ng3 Be6 18. Ne2 a5 19. Nd4 a4 20. Kb2 Bd7 21. b4
a3+ 22. Kc1 c5 {Ruiz Marana,A (2210)-Guerra Bastida,D (2397) Don Benito 2012
0-1 (73)}) 8... Nc6 (8... Nd7 9. Ne2 Nc5 10. Nc1 a5 11. O-O Ke8 12. Nd2 Be6 13.
Be3 Rd8 14. Ncb3 Nxb3 15. Nxb3 a4 16. Nd4 Bc4 17. Rfe1 Bd3 18. b4 h6 19. Rad1
g6 20. a3 c5 21. Ne2 Bxe2 22. Rxd8+ Kxd8 23. Rxe2 {Sulskis,S (2562)-Moser,E 
(2383) Liverpool 2008 1/2-1/2 (99)}) 9. Nd2 Bf5 10. O-O-O {Black king safety
dropped} Kc8 $146 {Black king safety improved} (10... Ke7 11. Re1 Ke6 12. Nxe4
Bxe4 13. Rxe4 Kf5 14. f3 g5 15. g4+ Kg6 16. Bg3 Bg7 17. h4 h5 18. Nh3 Rae8 19.
e6 fxe6 20. Nxg5 e5 21. Kc2 Rhf8 22. Kd1 Bh6 23. Ke2 hxg4 24. Rxg4 Kh5 25. Be1
{Drljevic,L (2188)-Marin,I (2261) Bucharest 2004 1-0 (44)}) (10... Ke8 11. Ne2
$11) 11. Ne2 Bc5 {Black threatens to win material: Bc5xf2} 12. Ng3 {White
threatens to win material: Ng3xf5. White forks: e4+f5} Bg4 {Black threatens to
win material: Bg4xd1} 13. Rdf1 ({Worse is} 13. Ngxe4 Bxd1 14. Rxd1 Be7 $15)
13... Re8 (13... e3 14. fxe3 Rd8 15. Nge4 $14) 14. h3 {White threatens to win
material: h3xg4} Be6 {Black threatens to win material: Be6xa2} 15. Ngxe4 Bb6
16. Re1 h6 {Consolidates g5} 17. Bg3 a6 (17... Bxa2 $2 {doesn't solve anything}
18. b3 Nxe5 19. Bxe5 Rxe5 20. Kb2 $18) 18. f4 Kb8 19. Rhf1 Bf5 (19... a5 20.
Kb1 $16) 20. Bh4 Ka7 21. g4 Be6 22. Bf2 Rad8 (22... Bxa2 $2 {is a blank shot}
23. Bxb6+ Kxb6 24. b3 $18) 23. Ng3 {[%cal Yf4f5] White intends f5} (23. Bxb6+
Kxb6 24. Re3 a5 $16 (24... Bxa2 $2 {doesn't work} 25. b3 $18)) 23... Bxf2 {
Black forks: e1+g3} (23... Rd3 24. Nf3 $14) 24. Rxf2 $16 Rd3 25. Nh5 g6 26. Nf6
Red8 27. f5 (27. Kc2 $5 $16) 27... gxf5 $11 (27... Bxa2 $2 {is worthless
because of} 28. e6 gxf5 29. e7 Nxe7 30. Rxe7 $18) 28. gxf5 Bxf5 29. Nb3 (29.
Rxf5 $142 $5 {is the best option White has} Rxd2 30. Ng4 $11) 29... Bg6 $17 30.
h4 h5 (30... Nxe5 31. Rff1 Nf3 32. Re7 $17) 31. Nc5 (31. e6 $142 $5 {deserves
consideration} fxe6 32. Nc5 $15) 31... Nxe5 $1 $17 {Deflection: d1.} 32. Nxh5
$4 {White has lost his nerve... understandable when you consider his position}
(32. Rxe5 Rd1# {Mate attack Deflection}) 32... R3d5 $19 (32... R3d5 33. Rfe2
Nf3 $19 (33... Rxc5 $6 {is much worse} 34. Rxe5 Rc4 35. Rh1 $17) (33... Bxh5
$143 34. Rxe5 Bg6 35. Rxd5 Rxd5 36. Nb3 $11)) (32... Bxh5 $6 {is clearly weaker
} 33. Rxe5 Rd1+ 34. Kc2 Bg6+ 35. Kb3 $11) 0-1

[Event "Hokkaido Chess Championship 2024"]
[Site "?"]
[Date "2024.03.23"]
[Round "3.5"]
[White "Hasegawa, Emi"]
[Black "Ito, Katsuhide"]
[Result "1-0"]
[WhiteElo "1417"]
[BlackElo "1199"]
[Annotator "Fritz 11 SE (30s)"]
[PlyCount "67"]
[EventDate "2024.03.23"]

{D08: Albin Counter Gambit} 1. d4 d5 2. c4 e5 3. dxe5 d4 4. Nf3 Nc6
5. Bf4 Bb4+ $146 (5... Nge7 6. Nbd2 (6. a3 Ng6 7. Bg3 a5 8. e3 dxe3 9. Qxd8+
Nxd8 10. fxe3 Bc5 11. Kf2 Ne6 12. Nc3 O-O 13. Rd1 f5 14. exf6 gxf6 15. Na4 Ba7
16. c5 f5 17. Bc4 f4 18. exf4 b5 19. cxb6 cxb6 20. Kf1 b5 {Kukov,V (2258)
-Karpatchev,A (2533) Istanbul 2006 0-1 (43)}) (6. e4 Ng6 7. Bg3 Bg4 8. h3 Bxf3
9. gxf3 Bb4+ 10. Nd2 Ngxe5 11. f4 Nd7 12. Qf3 Bxd2+ 13. Kxd2 Qe7 14. Rd1 O-O-O
15. Kc1 Nc5 16. Bg2 Kb8 17. Rhe1 d3 18. Rd2 Qe6 19. Kb1 Qxc4 20. Rc1 Qb5 {
Nordstrom,F (2165)-Thornert,H (2193) Sweden 2010 1/2-1/2 (63)}) 6... Ng6 7. Bg5
f6 8. exf6 gxf6 9. Bh4 Bg4 10. Bg3 Qe7 11. Qb3 O-O-O 12. O-O-O Bh6 13. Kb1 Nge5
14. Ka1 Bf5 15. h3 Nb4 16. Ne1 Rhe8 17. Bh2 Qc5 18. f4 Nec6 19. a3 Qa5 20. Nd3
{Polak,T (2410)-Neubauer,M (2295) Stockerau 1993 1-0 (49)}) (5... Be6 6. Nbd2
Qd7 7. Qa4 Nge7 8. O-O-O Ng6 9. g3 Bg4 10. Bg2 Nxf4 11. gxf4 O-O-O 12. Nb3 Qf5
13. Nfxd4 Nxd4 14. Nxd4 Qxf4+ 15. e3 Qxf2 16. Qxa7 Qxg2 17. Qa8+ Kd7 18. Qxd8+
{1-0 (18) Santos,A (2290)-Rodrigues,N (2165) Almada 1998}) (5... Bg4 6. a3 Nge7
7. Nbd2 Ng6 8. Bg3 Qd7 9. h3 Be6 10. e4 dxe3 11. fxe3 O-O-O 12. Qc2 Bc5 13. Qc3
Rhe8 14. b4 Bf8 15. Be2 f6 16. exf6 gxf6 17. Rd1 Qg7 18. Kf2 Be7 19. Rhg1 Rg8
20. Bh2 {Charkhalashvili,I (2278)-Koneru,H (2387) Athens 2001 1/2-1/2}) (5...
f6 6. e3 Bb4+ 7. Nbd2 fxe5 8. Nxe5 (8. Bxe5 $143 dxe3 9. fxe3 Nxe5 10. Nxe5 Qe7
$15) 8... dxe3 9. Bxe3 (9. fxe3 $143 Nxe5 10. Bxe5 Qe7 $15) 9... Bxd2+ 10. Qxd2
Qxd2+ 11. Kxd2 Nxe5 12. Bd4 $14) 6. Nbd2 $16 Nge7 7. a3 Ng6 (7... Bxd2+ $142 8.
Qxd2 Bg4 $16) 8. Bg5 $4 {letting the wind out of his own sails} (8. axb4 $142
Nxf4 9. b5 $16) 8... Be7 $15 9. Bxe7 Qxe7 {[%cal Rc6e5,Re7e5,Rg6e5,Gf3e5] Will
e5 fall?} 10. Nb3 {[%cal Rb3d4,Rd1d4,Rf3d4,Gc6d4] Now all is on d4} (10. g3 Bf5
$15) 10... Ngxe5 (10... Bg4 $5 11. Qc2 Bxf3 12. gxf3 Qxe5 $17) 11. Nbxd4 $11
Nxc4 $4 {a transit from better to worse.} (11... Bg4 $142 {is a viable option}
12. Nxe5 Nxe5 $11) 12. Nxc6 $16 bxc6 13. Qc2 Be6 (13... Nb6 $5 $16) 14. e3 $18
Ne5 $4 {sad, but how else could Black save the game?} (14... Nb6 $142 15. Qxc6+
Bd7 16. Qxc7 O-O $18) 15. Nd4 (15. Nxe5 $142 {and White has it in the bag} O-O
16. Nxc6 $18) 15... c5 (15... O-O $5 $16) 16. Nxe6 fxe6 $4 {terrible, but what
else could Black do to save the game?} (16... Qxe6 17. Qxc5 Rd8 18. Be2 $16)
17. Bb5+ (17. Qe4 {and White can already relax} O-O 18. Qxe5 Qd6 $18) 17... Nd7
$4 {further deteriorates the position} (17... c6 $142 18. Be2 O-O $16) 18. Rd1
(18. Qa4 {keeps an even firmer grip} Rb8 19. O-O-O O-O 20. Rxd7 Qg5 $18) 18...
Rd8 (18... c6 19. Bxc6 O-O-O $18) 19. Qa4 O-O (19... Rf8 {cannot change what
is in store for White} 20. O-O a6 21. Bc6 $18) 20. Bxd7 Qf6 (20... Rf7 {
cannot undo what has already been done} 21. Bc6 $18) 21. O-O Qxb2 22. Bxe6+ Kh8
23. Rxd8 Rxd8 24. Rd1 Rf8 25. Qh4 (25. Qf4 $142 {makes it even easier for White
} Qb8 26. Qg5 c4 $18) 25... Qf6 (25... Qc2 {does not improve anything} 26. Rf1
Qd3 27. Qa4 $18) 26. Qxf6 gxf6 27. h4 Re8 28. Bf5 Kg7 (28... Re7 {does not
solve anything} 29. Rd8+ Kg7 30. Rd5 $18) 29. Rd7+ Kf8 30. Rxc7 Re7 (30... h6 {
cannot change destiny} 31. Rh7 $18) 31. Rxc5 (31. Rxe7 $142 {seems even better}
Kxe7 32. Bxh7 $18) 31... Re5 (31... Kg7 $18 {hoping against hope}) 32. Rxe5
fxe5 33. Bxh7 Kg7 34. Be4 1-0

[Event "Hokkaido Chess Championship 2024"]
[Site "?"]
[Date "2024.03.23"]
[Round "3.6"]
[White "Shimomura, Kensei"]
[Black "Takeuchi, Hiroshi"]
[Result "0-1"]
[WhiteElo "1199"]
[BlackElo "1388"]
[Annotator "Fritz 11 SE (30s)"]
[PlyCount "80"]
[EventDate "2024.03.23"]

{B08: Pirc Defence: Classical System} 1. e4 d6 2. d4 Nf6 3. Nc3 g6
4. Nf3 Bg7 5. Bc4 Bg4 (5... e6 6. O-O a6 7. a4 O-O 8. h3 Nc6 9. Bg5 h6 10. Be3
d5 11. Bd3 Nb4 12. e5 Nd7 13. Ne2 c5 14. dxc5 Nc6 15. Ned4 Ndxe5 16. Nxe5 Nxe5
17. Be2 Nc6 18. f4 Qe7 19. Qd2 Bd7 20. b4 {Honos,A (2323)-Horvath,T (2426)
Hungary 2007 1-0 (40)}) 6. h3 $146 (6. Be3 Nc6 7. h3 Bxf3 8. Qxf3 O-O 9. Ne2 e5
10. d5 Ne7 11. Bb3 Nd7 12. g4 a5 13. c3 a4 14. Bc2 c6 15. dxc6 bxc6 16. h4 d5
17. h5 d4 18. Bc1 Nc5 19. cxd4 exd4 20. Nf4 d3 {Cao,K (2184)-Naroditsky,D 
(2486) Saint Louis 2012 0-1 (38)}) (6. e5 dxe5 7. Bxf7+ Kf8 8. Bb3 Nc6 9. d5 e4
10. h3 exf3 11. hxg4 fxg2 12. Rg1 Ne5 13. Rxg2 Qd7 14. Qe2 Nexg4 15. Bf4 Bh6
16. Bxh6+ Nxh6 17. O-O-O Nf5 18. Kb1 Nd6 19. Ba4 Qd8 20. Qd2 a6 {Sarbok,T 
(2362)-Gaerths,R (2269) Berlin 2004 1/2-1/2 (47)}) (6. O-O Nc6 7. d5 Ne5 8. Be2
Nxf3+ 9. Bxf3 Bxf3 10. Qxf3 O-O 11. Be3 c6 12. dxc6 bxc6 13. e5 dxe5 14. Qxc6
Qb8 15. Rab1 Qb4 16. Qc5 Qb7 17. Qxe5 Ng4 18. Qe4 Qxe4 19. Nxe4 Nxe3 20. fxe3
Rfd8 {Szymanski,P (2210)-Czerwonski,A (2379) Warsaw 2007 0-1 (48)}) 6... Bxf3 {
Black forks: d1, g2+e4} 7. Qxf3 {White has the pair of bishops} Nbd7 (7... Nc6
8. Qd3 $14) 8. O-O e6 {Secures d5} 9. Bg5 h6 10. Bd2 c6 11. d5 {White
threatens to win material: d5xe6} (11. Bb3 O-O $16) 11... Ne5 $14 {Black
threatens to win material: Ne5xf3. Black forks: c4+f3} 12. Qe2 exd5 13. exd5
O-O 14. dxc6 bxc6 15. Bb3 {Black has a cramped position} Qc7 {White has an
active position} 16. Rfe1 Rae8 17. Ne4 Nxe4 18. Qxe4 {Black has a cramped
position} d5 {Black threatens to win material: d5xe4} 19. Qf4 Qd7 $2 (19... Re7
20. Re3 $11) 20. Bc3 {White threatens to win material: Bc3xe5} (20. Bb4 $142
$16) 20... g5 $11 {Black threatens to win material: g5xf4} 21. Qg3 Ng6 22. Ba4
Ne7 $2 (22... Re6 $142 $5 $11 {might be a viable alternative}) 23. Bxg7 $16
Kxg7 24. c3 (24. Qc3+ $5 d4 25. Qc5 $16) 24... f6 (24... Ng6 25. Rad1 $11) 25.
Qf3 (25. Qg4 Qxg4 26. hxg4 Kf7 $14) 25... f5 (25... Ng6 26. Qd3 $11) 26. Rad1
$14 g4 {Black gains space} (26... Nc8 27. Qd3 $14) 27. Qg3 (27. Qe3 $5 $16)
27... Ng6 $14 28. Bc2 h5 29. Qh2 (29. Rxe8 Rxe8 30. Qd3 Re5 $14) 29... Qf7 (
29... f4 $142 $11) 30. h4 $4 {hands over the advantage to the opponent} (30.
Qd6 $142 $14 {would keep White in the game}) 30... f4 $17 31. Bxg6 Kxg6 32. f3
$4 {the position was bad, and this mistake simply hastens the end} (32. a3 $142
$17) 32... g3 $19 33. Qh3 Kg7 (33... Rxe1+ $142 {it becomes clear that Black
will call all the shots} 34. Rxe1 Re8 $19) 34. Kf1 $17 Rxe1+ 35. Rxe1 (35. Kxe1
$142 Rd8 36. Rd3 $17) 35... Kg8 $4 {gives the opponent new chances} (35... Kf6
$142 36. Re2 Re8 $19) 36. Qh1 $4 {ruins a very nice position} (36. Qe6 $142 {
was necessary} Qxe6 37. Rxe6 $11) 36... Qf5 (36... Qg6 $142 {might be the
shorter path} 37. Qh3 Qd3+ 38. Kg1 Rf5 $19) 37. Qg1 (37. Qh3 Qd3+ 38. Kg1 $19)
37... Qd3+ 38. Re2 Re8 39. Qf2 gxf2 40. Kxf2 Qxe2+ (40... Qxe2+ 41. Kg1 Qe1+
42. Kh2 Qxh4+ 43. Kg1 Re1#) (40... Rxe2+ 41. Kg1 Qg6 42. g4 Qb1#) 0-1

[Event "Hokkaido Chess Championship 2024"]
[Site "?"]
[Date "2024.03.24"]
[Round "4.1"]
[White "Sugimoto, Koichi"]
[Black "Yamaguchi, Tosei"]
[Result "0-1"]
[WhiteElo "1864"]
[BlackElo "1940"]
[Annotator "Fritz 11 SE (30s)"]
[PlyCount "80"]
[EventDate "2024.03.23"]

{A45: Trompowsky Attack} 1. d4 Nf6 2. Bf4 g6 3. Nc3 d5 4. e3 (4.
Nb5 Na6 5. e3 Bg7 6. Nf3 (6. c4 c6 7. Nc3 Qb6 8. Qb3 Nh5 9. Be5 Qxb3 10. axb3
Bxe5 11. dxe5 dxc4 12. Bxc4 Nc7 13. Nf3 Ng7 14. Ne4 Bf5 15. Nc5 b6 16. Na6 Nxa6
17. Bxa6 Rb8 18. Nd4 Bd7 19. Rc1 c5 20. Nb5 O-O {Barva,A (2389)-Korpa,B (2417)
Hungary 2015 0-1 (50)}) 6... O-O 7. c4 c6 8. Nc3 Nc7 9. h3 Ne6 10. Be5 a6 11.
Rc1 dxc4 12. Bxc4 b5 13. Bb3 Qd7 14. O-O Bb7 15. Bxf6 Bxf6 16. Ne4 Bg7 17. Bxe6
Qxe6 18. Nc5 Qc8 {Matlakov,M (2695)-Kovalev,V (2539) Wroclaw 2014 1-0 (31)})
4... Bg7 5. Be2 O-O 6. h4 h5 $146 (6... c5 7. Nf3 Nc6 8. h5 Nxh5 9. Bh2 Bg4 10.
Qd2 Nf6 11. Be5 Ne4 12. Nxe4 dxe4 13. Bxg7 Kxg7 14. Ng5 Bxe2 15. Rxh7+ Kg8 16.
Kxe2 e5 17. Rah1 Qxg5 18. d5 Rad8 19. c4 Qxg2 20. Qc3 Nd4+ 21. exd4 {Fridman,D
(2616)-Schmidt,W (2360) Poznan 2014 1-0}) 7. f3 {Covers e4+g4} (7. Nf3 $5 $11)
7... c5 8. g4 (8. dxc5 $5 {is an interesting idea} Qa5 9. Qd3 $15) 8... cxd4 9.
exd4 Nc6 10. Qd2 hxg4 11. O-O-O Nh5 (11... g3 12. Bxg3 Bf5 13. Bd3 $15) 12.
fxg4 Nxf4 13. Qxf4 e5 (13... Bxd4 14. Rxd4 e5 $11) 14. dxe5 $15 Bxe5 15. Qd2 (
15. Qh6 $142 {and White has air to breath} Bg7 16. Qf4 $15) 15... d4 $19 16.
Ne4 Qd5 17. Nf2 (17. Bd3 Qxa2 18. Qg5 $17) 17... Qxa2 18. Qg5 Qa1+ (18... Re8
$142 {keeps an even firmer grip} 19. Nd3 Bd6 20. Kd2 $19) 19. Kd2 Qxb2 20. Ke1
Qc3+ (20... Nb4 {and Black can already relax} 21. Nd3 Nxd3+ 22. Rxd3 $19) 21.
Kf1 Qe3 (21... Qxc2 $6 22. Nf3 Re8 23. Bd3 $17) 22. Nf3 (22. Rh3 Qxg5 23. hxg5
a5 $19) 22... Qxg5 (22... Bf4 $142 {and Black has prevailed} 23. Qf6 Bg3 $19)
23. Nxg5 f6 24. Bc4+ Kg7 25. Nf3 Na5 (25... a5 26. h5 $19) 26. Bd5 (26. Be2 Rh8
$19) 26... Rd8 27. Be4 Nc4 28. Ke2 Ne3 29. Rdg1 Be6 (29... Nd5 30. h5 Nc3+ 31.
Kd3 $19) 30. h5 $17 g5 31. h6+ Kf7 (31... Kh8 $142 $5 $17) 32. Nxe5+ $15 fxe5
33. Rh5 {White threatens to win material: Rh5xg5} Kf6 34. Rg3 (34. Bf3 $5 Rac8
35. Ne4+ Ke7 36. c3 $17) 34... Nd5 $17 35. Nh3 (35. Rf3+ $5 Nf4+ 36. Kd2 $17)
35... Nf4+ $19 36. Nxf4 exf4 (36... gxf4 37. g5+ Kf7 38. Rg1 f3+ 39. Kxf3 $18)
37. Rg1 Bf7 38. Rh2 Re8 39. Kf3 $2 (39. Kd3 Rac8 40. Bf5 $17) 39... Bg6 (39...
Rac8 {might be the shorter path} 40. h7 Bg6 41. Rh6 Rxe4 42. h8=Q+ Rxh8 43.
Rxh8 Re3+ 44. Kf2 $19) 40. Bxg6 (40. Bxb7 Re3+ 41. Kf2 Rb8 $19) 40... Kxg6 (
40... Kxg6 41. Rd2 Rac8 $19) 0-1

[Event "Hokkaido Chess Championship 2024"]
[Site "2"]
[Date "2024.03.24"]
[Round "4.2"]
[White "Shinoda, Taro"]
[Black "Nishimori, Toshiyuki"]
[Result "1-0"]
[WhiteElo "1911"]
[BlackElo "1570"]
[Annotator "Fritz 11 SE (30s)"]
[PlyCount "51"]
[EventDate "2024.03.23"]

{E01: Catalan: Early deviations} 1. d4 Nf6 2. c4 e6 3. g3 d5 4. Bg2
Nc6 5. Nf3 (5. cxd5 exd5 6. Nc3 Bb4 7. Bg5 h6 8. Bxf6 Qxf6 9. e3 Qd6 10. Nge2
Ne7 11. a3 Bxc3+ 12. Nxc3 O-O 13. O-O c6 14. b4 Bf5 15. b5 Rfc8 16. Qb3 Bd3 17.
bxc6 Bc4 18. Qb4 Qxb4 19. axb4 Rxc6 {Eljanov,P (2761)-Khenkin,I (2614) Sibenik
2010 1/2-1/2 (50)}) 5... Rb8 6. Nbd2 $146 (6. cxd5 exd5 7. O-O h6 8. Nc3 Bb4 9.
Ne5 O-O 10. a3 Bxc3 11. bxc3 Re8 12. Bf4 g5 13. Be3 Ng4 14. Nxg4 Bxg4 15. c4
dxc4 16. d5 Na5 17. h3 Bh5 18. Ra2 Qd6 19. a4 a6 20. Qd4 Qe5 {Tsatsalashvili,K
(2262)-Khurtsilava,I (2163) Konya 2015 0-1 (38)}) 6... b6 (6... Bd6 7. O-O $11)
7. O-O Bb7 8. b3 Bb4 9. Bb2 O-O 10. a3 Bxd2 11. Qxd2 {White has the pair of
bishops} Ne4 12. Qc2 Ne7 13. Ne5 f6 {Black threatens to win material: f6xe5}
14. Nd3 Qe8 (14... Nf5 15. Rac1 Rf7 16. Nf4 $14) 15. cxd5 Bxd5 (15... exd5 $142
$5 {is worth looking at} 16. Qxc7 Nd2 $14) 16. Nf4 $18 (16. Qxc7 $6 Nd2 17.
Rfd1 Nxb3 $14) 16... f5 17. f3 (17. Qxc7 $6 Nd2 18. Rfd1 Nxb3 19. Nxe6 Bxe6 $14
) 17... Nf6 $2 (17... Nd6 $142 $5 $16) 18. e4 $18 fxe4 19. fxe4 Bc6 $4 {
simply worsens the situation} (19... g5 20. Nxd5 exd5 $18) 20. Nxe6 Rf7 21. d5
Bb5 22. Rfc1 (22. Rf3 $5 {seems even better} Rc8 23. Qc3 Qd7 $18) 22... c5 23.
a4 (23. d6 {makes it even easier for White} Ng6 24. Nc7 Rxc7 25. dxc7 Rc8 $18)
23... Ba6 (23... Bd7 {is not much help} 24. Ng5 Rf8 25. e5 $18) 24. Ng5 Rf8 25.
e5 Nd7 (25... Ng6 {there is nothing better in the position} 26. Ne6 Ng4 27.
Nxf8 Qxf8 $18) 26. Qxh7# 1-0

[Event "Hokkaido Chess Championship 2024"]
[Site "3"]
[Date "2024.03.24"]
[Round "4.3"]
[White "Yoshii, Yukihiko"]
[Black "Takeuchi, Hiroshi"]
[Result "0-1"]
[WhiteElo "1644"]
[BlackElo "1388"]
[Annotator "Fritz 11 SE (30s)"]
[PlyCount "44"]
[EventDate "2024.03.23"]

{[%mdl 8256] E92: King's Indian: Classical: 6 Be2 e5: 7 dxe5, 7 Be3 and
Petrosian System without 7...Nbd7} 1. c4 Nf6 2. Nc3 d6 3. d4 g6 4. e4 Bg7 5.
Nf3 O-O 6. Be2 e5 7. h3 Nc6 (7... Na6 8. O-O exd4 9. Nxd4 Re8 10. Bf3 c6 11.
Bf4 Qe7 12. Nb3 Rd8 13. Re1 Be6 14. Nd5 Qf8 15. Ne3 Nc5 16. Qc2 Nfd7 17. Nf5
Nxb3 18. axb3 gxf5 19. exf5 Ne5 20. Bxe5 Bxe5 21. fxe6 fxe6 22. Bg4 {Gamboa,N 
(2405)-Ravi,L (2370) Manila 1992 1/2-1/2 (50)}) (7... exd4 8. Nxd4 Re8 9. Bg5
h6 10. Bxf6 Qxf6 11. Nf3 Na6 12. O-O c6 13. Re1 Nc5 14. Bf1 a5 15. Rc1 Bd7 16.
Rc2 Rad8 17. Rd2 Bc8 18. g3 Qe7 19. Rde2 Be6 20. Rd2 Qc7 21. Nd4 Bc8 22. Bg2 {
Anarkulov,A (2234)-Kasyan,A (2283) Tashkent 2010 0-1 (40)}) 8. Be3 $146 (8. d5
Ne7 9. g4 Ne8 10. Bg5 h6 11. Be3 f5 12. Ng1 Nf6 13. f3 c6 14. Qd2 cxd5 15. cxd5
Kh7 16. Bd3 Qa5 17. Nb5 Qd8 18. Qb4 a6 19. Nc3 b5 20. a4 a5 21. Qb3 b4 22. Nb5
Bb7 {Konovalova,O (2190)-Dolzhikova,O (2213) Kharkov 1999 0-1 (34)}) (8. d5 Nd4
$14) 8... a6 {White has a very active position} (8... exd4 9. Nxd4 Re8 10. Nxc6
bxc6 11. Qc2 $15) 9. O-O (9. dxe5 dxe5 10. O-O Be6 $14) 9... Bd7 (9... exd4 10.
Nxd4 Qe7 11. Bd3 $11) 10. a3 {Consolidates b4} (10. d5 $5 Ne7 11. Qb3 $14)
10... exd4 $11 {Black forks: c3+e3} 11. Nxd4 {White has a very active position}
Re8 12. f3 {Prevents intrusion on g4} Nh5 13. Nxc6 bxc6 14. Qe1 (14. Qd2 a5 $11
) 14... f5 (14... Rb8 15. Ra2 $15) 15. Bd3 (15. g4 $5 {should be considered} f4
16. Bf2 $15) 15... f4 $17 16. Bf2 Qg5 17. Kh2 (17. h4 Qe5 18. Rd1 Bf6 $15)
17... Ng3 {Black threatens to win material: Ng3xf1} (17... Rab8 18. Qd2 $17)
18. Rg1 $2 (18. Bxg3 fxg3+ 19. Qxg3 Qd2 $15) 18... Qh4 (18... Rab8 $142 $5 19.
Rb1 a5 $17) 19. Rb1 (19. Bxg3 $4 {if White takes the knight he will lose} fxg3+
20. Qxg3 Be5 21. Qxe5 Rxe5 $19) 19... g5 (19... Qh6 $142 $15) 20. Bxg3 $4 {
a weak move, ruining a winning position} (20. Ne2 $142 $16) 20... fxg3+ $19 21.
Kh1 (21. Qxg3 {is the last straw} Be5 22. Qxe5 Rxe5 23. Ne2 $19) 21... Bxh3 $1
{Deflection: h3} 22. Rf1 (22. gxh3 Qxh3# {Mate attack Deflection}) (22. Z0 $140
Be6# {Mate threat}) 22... Bxg2+ $1 {Clearance: h3} (22... Bxg2+ 23. Kxg2 Qh2#)
0-1

[Event "Hokkaido Chess Championship 2024"]
[Site "4"]
[Date "2024.03.24"]
[Round "4.4"]
[White "Aoki, Yasuhiro"]
[Black "Hasegawa, Emi"]
[Result "1/2-1/2"]
[WhiteElo "1598"]
[BlackElo "1417"]
[Annotator "Fritz 11 SE (30s)"]
[PlyCount "73"]
[EventDate "2024.03.23"]

{A39: Symmetrical English vs ...g6: 4 Bg2 Bg7 5 Nf3 Nf6 6 0-0 0-0 7 d4} 1. c4
c5 2. Nf3 Nf6 3. g3 g6 4. Bg2 Bg7 5. O-O O-O 6. Nc3 Nc6 7. d4 cxd4 8. Nxd4 Nxd4
9. Qxd4 d6 10. Qd3 Rb8 11. e4 a6 12. Be3 $146 (12. Rd1 Bg4 (12... Be6 13. Qe2
Qc8 14. Nd5 Bxd5 15. exd5 Qc7 16. Be3 Nd7 17. Rac1 a5 18. b3 Nc5 19. Re1 Rfe8
20. Bd2 Qb6 21. Bh3 Na6 22. Bd7 Red8 23. Bb5 Bf6 24. Bc3 Bxc3 25. Rxc3 Nc7 26.
Ba4 Qb4 27. Re3 {Fries Nielsen,N (2315)-Barry,C (2250) Berlin West 1980 1-0 
(74)}) (12... Nd7 13. Be3 b5 14. cxb5 axb5 15. Nxb5 Ne5 16. Qf1 Bg4 17. Re1 Bd7
18. a4 Ng4 19. Ba7 Ra8 20. h3 Ne5 21. Be3 Qb8 22. b3 Nd3 23. e5 Nxe1 24. Bxa8
Nc2 25. Ba7 Qxa8 26. Rc1 Bxb5 27. Qxb5 {Ulziibayar,B (2219)-Enkhnar,E (2278)
Govi Altai 2014 0-1 (34)}) 13. f3 Be6 14. Qe2 Rc8 15. Nd5 b5 16. cxb5 Bxd5 17.
exd5 Qb6+ 18. Be3 {1/2-1/2 (18) Schneider,L (2328)-Tallinger,T (2200) Sweden
2007}) (12. b3 b5 13. Bb2 Nd7 14. cxb5 axb5 15. Qd2 Bb7 16. Nxb5 Bxb2 17. Qxb2
Ba6 18. a4 Nc5 19. Qc3 Qb6 20. e5 dxe5 21. Rac1 Ne6 22. Qxe5 Bxb5 23. Qxb5 Qxb5
24. axb5 Rxb5 25. Rfe1 Rxb3 26. Bd5 Rb6 {Visakh,N (2375)-Deepan Chakkravarthy,
J (2497) Delhi 2015 1/2-1/2 (34)}) 12... Nd7 13. Bd4 {Black has a cramped
position. Black's piece can't move: c8} (13. Rac1 Ne5 14. Qe2 Bd7 $14) 13...
Ne5 $11 14. Qe2 (14. Qd1 $5 $11) 14... Bg4 $15 {Black threatens to win
material: Bg4xe2} 15. Qc2 Nf3+ (15... Nxc4 $142 $5 {and Black could well hope
to play on} 16. Bxg7 Kxg7 $15) 16. Bxf3 $14 Bxf3 17. Bxg7 Kxg7 {Black king
safety dropped} 18. Nd5 Bg4 19. Qc3+ f6 20. Qe3 h5 21. f3 {White threatens to
win material: f3xg4} Bd7 22. Rac1 {[%cal Yc4c5] White prepares the advance c5}
Rh8 23. h4 b5 (23... Bc6 $142 $5 $14 {is worthy of consideration}) 24. c5 $16
dxc5 25. Qxc5 Kf7 26. Qc7 $4 {releasing the pressure on the opponent} (26. e5
$142 $18 {White has the better game}) 26... Be6 $11 27. Qxd8 {White has a mate
threat} Rhxd8 28. Rfd1 (28. Rc5 Bxd5 29. exd5 Rd6 $11) 28... b4 (28... Rbc8 $5
$15 {is worth consideration}) 29. Rc7 $11 Bxd5 30. exd5 {A double rook endgame
occured} Rd6 31. Re1 Re8 32. Re4 a5 (32... b3 33. axb3 Rxd5 34. Kf2 $11) 33.
Rc5 Ra8 34. Rc7 {White threatens to win material: Rc7xe7} Re8 35. Rc5 Ra8 36.
Rc7 {Twofold repetition} (36. Kf2 f5 37. Re5 Ra7 $14) 36... Re8 $11 37. Rc5
1/2-1/2